Pro wrestlers' real names #2 - Statistics

General Stats
  • This quiz has been taken 134 times
  • The average score is 6 of 15
Answer Stats
Hint Answer % Correct
The Big Show Paul Wight
86%
Steve Austin Steve Williams
65%
Chris Jericho Chris Irvine
55%
Lita Amy Dumas
53%
Seth Rollins Colby Lopez
52%
Dean Ambrose Jonathan Good
48%
AJ Styles Allen Jones
47%
The Ultimate Warrior James Hellwig
40%
Ric Flair Richard Fliehr
40%
Bayley Pamela Martinez
39%
The Godfather Charles Wright
34%
Sid Vicious Sid Eudy
26%
Rikishi Solofa Fatu, Jr.
23%
Sabu Terry Brunk
18%
Trish Stratus Patricia Stratigeas
13%
No matching quizzes found
Score Distribution
Percent of People with Each Score
Percentile by Number Answered
Your Score History
You have not taken this quiz